Movies Quiz

Random Movies or Letter Quiz

One Word Movies: Robin Williams Quiz Stats

 Plays Quiz Updated Oct 17, 2019

Score 0/13 Timer 04:00
0 Plays Today
Year Movie % Correct
1995Jumanji
62.8%
1991Hook
52.1%
1996Jack
50.3%
1992Aladdin
37.5%
1997Flubber
36.7%
2002Insomnia
26.1%
1992Toys
22.4%
1980Popeye
21.9%
1990Awakenings
19.2%
2005Robots
12.4%
2014Boulevard
9.6%
1996Hamlet
6.8%
2009Shrink
5.7%

You're not logged in!

Compare scores with friends on all Sporcle quizzes.
OR
Log In

Sporcle TV

Today on Sporcle TV


Watch our educational content, quiz creation guides, and fun videos on Sporcle TV.

Show Comments

Extras

Top Quizzes Today


Score Distribution

Your Account Isn't Verified!

In order to create a playlist on Sporcle, you need to verify the email address you used during registration. Go to your Sporcle Settings to finish the process.

Report this User

Report this user for behavior that violates our Community Guidelines.

Details: